Reliez la série TV à son personnage #2 Click - Statistiques

Statistiques générales
  • Ce quiz a été pris 141 fois
  • Le résultat moyen est 12 sur 30
Statistiques - réponses
Hint Réponse % Correct
Bart Simpson, Magg Les Simpson
94%
Michael Scofield Prison Break
81%
Dewey Malcolm
68%
Rhaenyra Targary House of the Dragon
62%
Enid Sinclair Mercredi
54%
Ryohei Arisu Alice in Borderland
53%
SDM Nouvelle École
53%
Lord Anthony Brid La Chronique des Bridgerton
52%
Oliver Queen Arrow
50%
Barry Allen Flash
50%
Yennefer de Vengerberg The Witcher
50%
George Cooper Young Sheldon
43%
Scott McCall Teen Wolf
42%
Sergio Marquina La casa de papel
41%
Klaus Mikaelson The Originals
38%
Carla Rosón Calerue Élite
37%
Dean Winchester Supernatural
36%
Joel Miller The Last of Us
31%
Michael Richard Kyl Ma famille d'abord
30%
Kono Kalakaua Hawaii 5-0
29%
Frank Castle The Punisher
29%
Lee Suhyeok All of Us Are Dead
27%
Hope Mikaelson Legacies
26%
James Trivette Walker, Texas Ranger
22%
Front Man Squid Game
21%
Jax Teller Sons of Anarchy
18%
Apash Validé
16%
Alicia Clark Fear the Walking Dead
14%
Amberle Les Chroniques de Shannara
12%
Samantha Ghosts : Fantômes à la maison
8%
Aucun quiz correspondant
Distribution des résultats
% des personnes avec chaque résultat
Percentile par nombre de réponses
Votre historique - résultats
Vous n’avez pas pris ce quiz